00269nam a2200121Ia 4500008004100000100001900041245001500060260002600075300000800101650001400109942000700123999001700130190216s9999||||xx |||||||||||||| ||und|| aVivekanandan G 0aKanaljalam bPoorna Pubs Kozhikode a244 aMalayalam cBK c26566d26566